| 000 | 01043nam a22002535a 4500 | ||
|---|---|---|---|
| 003 | OSt | ||
| 005 | 20161205130006.0 | ||
| 008 | 161205s2003 ua frb 000 0 ara d | ||
| 020 | _z978979223 | ||
| 040 |
_aEG-ScBUE _bara _cEG-ScBUE |
||
| 043 | _af-ua--- | ||
| 082 | 0 | 4 |
_a344.6201891 _bب ر ع _222 |
| 100 | 1 | _aبرعي، أحمد حسن. | |
| 245 | 1 | 2 |
_aالوسيط في القانون الاجتماعي / _cأحمد حسن البرعي. |
| 260 |
_aالقاهرة : _bدار النهضة العربية، _c2003. |
||
| 300 |
_aمج. 2 (937 ص.) ؛ _c24 سم. |
||
| 504 | _aيشتمل على إرجاعات ببليوجرافية. | ||
| 505 | 2 | _aمج. 2. شرح عقد العمل الفردي : وفقا لأحكام القانون 12 لسنة 2003 : قانون العمل الجديد. | |
| 650 |
_aعقود العمل _xقوانين وتشريعات _zمصر. _2BUEsh |
||
| 650 |
_aالعمل والعمال _xقوانين وتشريعات _zمصر. _2BUEsh _910938 |
||
| 651 | _2BUEsh | ||
| 653 |
_bLLAAWW _cDecember2016 |
||
| 942 | _2ddc | ||
| 999 |
_c23457 _d23429 |
||